| 000 | 00438nam a2200181Ia 4500 | ||
|---|---|---|---|
| 003 | STCL | ||
| 008 | 221019s9999 xx 000 0 und d | ||
| 020 | _a9789389447552 | ||
| 040 |
_aSTCL _cSTCL _bEN |
||
| 082 | _222 | ||
| 100 | _aPrathapan, K | ||
| 245 | 0 | _aResearch methodology for scientific research | |
| 260 |
_bDreamtech Press _aNew Delhi _c2019 |
||
| 300 | _a266 p | ||
| 365 | _b455 | ||
| 546 | _aEnglish | ||
| 942 |
_cBK _2DDC _e22 |
||
| 999 |
_c88324 _d88324 |
||